000 00747nam a2200217 a 4500
008 120416s1986 ||||||||||||||||| || u
020 _a0412010615
020 _a0412010615
050 _aTA 710 Bro
100 _aBromhead, E. N
245 1 4 _aThe stability of slopes
250 _a2nd ed.
260 _aNew York:
_bSurrey University Press
_c1986
260 _aNew York:
_bBlackie Academic & Professional
_c1986
300 _aix, 373p.: ill.
350 _a0.00
500 _aIncludes indexes. -Bibliography: p. [359]-367.
650 _aSLOPES (SOIL MECHANICS)
650 _aSOIL STABILIZATION
995 _D0.00
_FCBU-MAIN LIBRARY (Kitwe)
_H1
_I45.00
_UDAMAGED
_ZMain Library Open Access Collection
999 _c58142
_d58142